000 01285nam a2200241Ia 4500
003 Ost
005 20260507075207.0
008 260507s9999||||xx |||||||||||||| ||und||
020 _a67130799579
040 _cfsecg
041 _aara
082 _a330
100 _aالسيد، متولي عبد القادر
_eمؤلف
245 0 _aاقتصاديات النقود و البنوك /
_c متولي عبد القادر السيد
260 _aعمان:
_bدار الفكر,
_c2009
300 _a312 صفحة؛
_bإيضاحات ؛
_c24 سم
504 _aمراجع ص.309
520 _aنشأة النقود ووظائفها ، النظم و القواعد النقدية ، مزايا الاقتصاد النقدي ، الادوات المالية التي يمكن اعتبارها نقودا ، النعريف العملي للنقود ، أجهزة الوساطة المالية و المعروض النقدي ، الطلب على النقود ، النظام الكينزي ، السياسة النقدية ، التضخم ن فرضية حياد النقود في المدارسالنقدية ، غسيل الاموال و تزييف العملة .
653 _aالبنوك
653 _aالبنوك التجارية
653 _aالنقود
942 _cكتاب
999 _c43440
_d43440